[Event "Nikaia Fysiolatriko op 08th"]
[Site "Nikaia"]
[Date "2010.06.18"]
[Round "2"]
[White "Sigouros, Ioannis"]
[Black "Tepelenis, Nikolaos"]
[Result "0-1"]
[WhiteElo "1987"]
[BlackElo "2265"]
[PlyCount "74"]
[EventDate "2010.06.17"]
[EventType "swiss"]
[EventRounds "9"]
[EventCountry "GRE"]
[SourceTitle "EXT 2011"]
[Source "ChessBase"]
[SourceDate "2010.11.26"]
[SourceVersion "1"]
[SourceVersionDate "2010.11.26"]
[SourceQuality "1"]

1. e4 e6 2. d4 d5 3. Nd2 Nf6 4. e5 Nfd7 5. Bd3 c5 6. c3 Nc6 7. Ndf3 cxd4 8. cxd4 f6 9. exf6 Nxf6 10. Ne2 Bd6 11. 0-0 Qc7 12. Bg5 0-0 13. Bh4 Nh5 14. Qc2 h6 15. Bh7+ Kh8 16. Bg6 Rxf3 17. Bxh5 Rf5 18. Bg6 Bxh2+ 19. Kh1 Bd6 20. Bxf5 exf5 21. f4 Qf7 22. Rf3 Bd7 23. Rd1 Re8 24. Nc3 Re4 25. Bf2 Rxf4 26. Rxf4 Bxf4 27. Qe2 Bd6 28. g3 Ne7 29. Kg2 f4 30. Qf3 Qg6 31. Rd2 fxg3 32. Bg1 Nf5 33. Qd3 Nh4+ 34. Kf1 Bf5 35. Qb5 Nf3 36. Rd1 Qe6 37. Kg2 Nh4+ 0-1

[Event "Athens Smaok 1900+ op 6th"]
[Site "Athens"]
[Date "2010.06.15"]
[Round "6.10"]
[White "Nikolopoulos, Georgios"]
[Black "Sigouros, Ioannis"]
[Result "1/2-1/2"]
[WhiteElo "2096"]
[BlackElo "1962"]
[PlyCount "84"]
[EventDate "2010.05.11"]
[EventType "swiss"]
[EventRounds "7"]
[EventCountry "GRE"]
[SourceTitle "EXT 2024"]
[Source "ChessBase"]
[SourceDate "2023.10.10"]
[SourceVersion "1"]
[SourceVersionDate "2023.10.10"]
[SourceQuality "1"]

1. e4 Nf6 2. Nc3 d5 3. exd5 Nxd5 4. Bc4 Nxc3 5. Qf3 e6 6. bxc3 Nd7 7. d4 Qf6 8. Qe2 c5 9. Nf3 cxd4 10. Bd3 h6 11. cxd4 Bb4+ 12. Bd2 Bxd2+ 13. Qxd2 b6 14. Bb5 0-0 15. 0-0 Rd8 16. Bc6 Rb8 17. Rfe1 Bb7 18. Bxb7 Rxb7 19. Qb4 Rc7 20. c3 Rdc8 21. Re3 Qf5 22. Qa3 Nf6 23. Ne5 Nd5 24. Rf3 Rxc3 25. Rxc3 Rxc3 26. Qxa7 Rc2 27. Nf3 g5 28. h3 Kg7 29. Qb8 f6 30. Qe8 Nf4 31. Qd7+ Kg8 32. Qe8+ Kg7 33. Qd7+ Kg8 34. Re1 Ne2+ 35. Kf1 Nf4 36. a4 Qd3+ 37. Kg1 Re2 38. Rc1 Rc2 39. Rxc2 Qxc2 40. Qe8+ Kg7 41. Qd7+ Kg8 42. Qe8+ Kg7 1/2-1/2

[Event "Athens Smaok 1900+ op 6th"]
[Site "Athens"]
[Date "2010.06.01"]
[Round "4.18"]
[White "Karagiannis, Dimitrios"]
[Black "Sigouros, Ioannis"]
[Result "0-1"]
[WhiteElo "1913"]
[BlackElo "1962"]
[PlyCount "44"]
[EventDate "2010.05.11"]
[EventType "swiss"]
[EventRounds "7"]
[EventCountry "GRE"]
[SourceTitle "EXT 2024"]
[Source "ChessBase"]
[SourceDate "2023.10.10"]
[SourceVersion "1"]
[SourceVersionDate "2023.10.10"]
[SourceQuality "1"]

1. d4 Nf6 2. c4 g6 3. Nc3 d5 4. Nf3 Bg7 5. e3 0-0 6. b4 c6 7. Be2 a5 8. b5 c5 9. Qb3 cxd4 10. exd4 dxc4 11. Bxc4 Nbd7 12. Ne5 Nxe5 13. dxe5 Ng4 14. e6 Bxe6 15. Bxe6 fxe6 16. Be3 Qd3 17. Rc1 Rac8 18. Nd1 Qxb3 19. axb3 Nxe3 20. Rxc8 Nxg2+ 21. Kf1 Rxc8 22. Kxg2 Rc5 0-1

[Event "Athens Smaok op 4th"]
[Site "Athens"]
[Date "2010.01.19"]
[Round "2"]
[White "Sigouros, Ioannis"]
[Black "Delithanasis, Dimitrios"]
[Result "1/2-1/2"]
[WhiteElo "2001"]
[BlackElo "2201"]
[PlyCount "97"]
[EventDate "2010.01.12"]
[EventType "swiss"]
[EventRounds "7"]
[EventCountry "GRE"]
[SourceTitle "EXT 2011"]
[Source "ChessBase"]
[SourceDate "2010.11.26"]
[SourceVersion "1"]
[SourceVersionDate "2010.11.26"]
[SourceQuality "1"]

1. e4 e6 2. d4 d5 3. Nd2 Be7 4. Ngf3 Nf6 5. Bd3 c5 6. dxc5 a5 7. 0-0 0-0 8. Re1 Na6 9. exd5 Nxd5 10. Ne4 Nxc5 11. Nxc5 Bxc5 12. Ne5 Nb4 13. Be4 f5 14. Bf3 Qxd1 15. Bxd1 Ra6 16. c3 Nd5 17. c4 Bb4 18. Rf1 Bd6 19. Re1 Bb4 20. Rf1 Nf6 21. Be3 Nd7 22. Nxd7 Bxd7 23. Bf3 Bc6 24. Bxc6 Rxc6 25. b3 a4 26. Rfd1 Ra8 27. Bd4 axb3 28. axb3 Rxa1 29. Rxa1 Rd6 30. Be5 Rd3 31. g3 Rxb3 32. Rd1 Bc3 33. Bxc3 Rxc3 34. Rb1 Rxc4 35. Rxb7 h6 36. h4 Kh7 37. h5 f4 38. Kg2 Rc5 39. g4 e5 40. Re7 Kg8 41. Kf3 Kf8 42. Ra7 Rc4 43. Ra5 e4+ 44. Kxf4 e3+ 45. Kxe3 Rxg4 46. f4 g6 47. hxg6 Rxg6 48. Ra7 Rg7 49. Rxg7 1/2-1/2

[Event "Nikaia op 16th"]
[Site "Nikaia"]
[Date "2008.08.31"]
[Round "8"]
[White "Sigouros, Ioannis"]
[Black "Kordis, Konstantinos"]
[Result "0-1"]
[WhiteElo "2008"]
[BlackElo "2216"]
[PlyCount "102"]
[EventDate "2008.08.25"]
[EventType "swiss"]
[EventRounds "9"]
[EventCountry "GRE"]
[SourceTitle "CBM 126 Extra"]
[Source "ChessBase"]
[SourceDate "2008.11.05"]
[SourceVersion "1"]
[SourceVersionDate "2008.11.05"]
[SourceQuality "1"]

1. e4 c5 2. Nf3 e6 3. d4 cxd4 4. Nxd4 a6 5. Bd3 Qc7 6. Qe2 Nf6 7. c4 d6 8. Nc3 g6 9. 0-0 Bg7 10. Be3 0-0 11. Kh1 Nc6 12. Nxc6 bxc6 13. f4 Bb7 14. Rac1 Nd7 15. Qf2 f5 16. exf5 gxf5 17. c5 d5 18. Bd4 Nf6 19. Qh4 Ne4 20. Bxg7 Qxg7 21. Rf3 Rf6 22. Bxe4 fxe4 23. Rg3 Rg6 24. Rxg6 hxg6 25. Re1 Rf8 26. Qg5 a5 27. a3 Ba6 28. Ne2 Bxe2 29. Rxe2 Qf6 30. Qxf6 Rxf6 31. g3 Rf8 32. b4 axb4 33. axb4 Rb8 34. Rb2 Kf7 35. Kg2 e5 36. Kf2 d4 37. Ke2 Ke6 38. fxe5 Kxe5 39. h4 Kd5 40. g4 Rh8 41. b5 cxb5 42. Rxb5 Rxh4 43. c6+ Kxc6 44. Rg5 Rh2+ 45. Ke1 e3 46. Rxg6+ Kd5 47. Rg8 d3 48. Rd8+ Ke4 49. Re8+ Kf3 50. Rf8+ Kg3 51. g5 Ra2 0-1

[Event "Ambelokipi op 87th"]
[Site "Athens"]
[Date "2008.05.28"]
[Round "6"]
[White "Sarakenidis, Nikolaos"]
[Black "Sigouros, Ioannis"]
[Result "1/2-1/2"]
[WhiteElo "1495"]
[BlackElo "2082"]
[PlyCount "61"]
[EventDate "2008.05.10"]
[EventType "swiss"]
[EventRounds "7"]
[EventCountry "GRE"]
[SourceTitle "EXT 2010"]
[Source "ChessBase"]
[SourceDate "2010.11.25"]
[SourceVersion "1"]
[SourceVersionDate "2010.11.25"]
[SourceQuality "1"]

1. d4 Nf6 2. c4 g6 3. Nc3 d5 4. h4 Bg7 5. h5 Nxh5 6. cxd5 c6 7. e4 cxd5 8. e5 Bf8 9. g4 Ng7 10. Be3 Nc6 11. Bd3 e6 12. a3 Bd7 13. Nh3 a6 14. Nf4 Qc7 15. Rc1 0-0-0 16. 0-0 Kb8 17. b4 Rc8 18. Qf3 Qd8 19. Nh3 h5 20. Ng5 hxg4 21. Qxg4 Be8 22. b5 axb5 23. Nxb5 Nf5 24. Bxf5 gxf5 25. Qd1 f4 26. Bxf4 Rg8 27. Qa4 Rxg5+ 28. Bxg5 Qxg5+ 29. Kh1 Qh4+ 30. Kg1 Qg4+ 31. Kh1 1/2-1/2

[Event "Ambelokipi op 85th"]
[Site "Athens"]
[Date "2008.03.12"]
[Round "2"]
[White "Rallis, Dimitrios"]
[Black "Sigouros, Ioannis"]
[Result "0-1"]
[WhiteElo "1870"]
[BlackElo "2082"]
[PlyCount "64"]
[EventDate "2008.03.11"]
[EventType "swiss"]
[EventRounds "7"]
[EventCountry "GRE"]
[SourceTitle "EXT 2010"]
[Source "ChessBase"]
[SourceDate "2010.11.25"]
[SourceVersion "1"]
[SourceVersionDate "2010.11.25"]
[SourceQuality "1"]

1. d4 Nf6 2. Nf3 g6 3. Bf4 d5 4. e3 Bg7 5. c3 0-0 6. Bd3 Nbd7 7. Nbd2 c5 8. 0-0 Nh5 9. Bg3 Nxg3 10. hxg3 e5 11. dxe5 Nxe5 12. Nxe5 Bxe5 13. Nf3 Bf6 14. Re1 Qb6 15. Rb1 Be6 16. Be2 Rfd8 17. Qa4 Bf5 18. Red1 Bxb1 19. Rxb1 Bxc3 20. Bd3 Bf6 21. Qf4 Qd6 22. Qg4 h5 23. Qa4 a6 24. g4 b5 25. Qc2 hxg4 26. Nh2 g3 27. fxg3 Qxg3 28. Rf1 Qxe3+ 29. Kh1 Qg5 30. Qf2 Kg7 31. Ng4 Rh8+ 32. Kg1 Bd4 0-1

[Event "Athens Siaperas Memorial 4th"]
[Site "Athens"]
[Date "2008.02.09"]
[Round "1"]
[White "Kourkoulos Arditis, Stamatis"]
[Black "Sigouros, Ioannis"]
[Result "1/2-1/2"]
[WhiteElo "1764"]
[BlackElo "2082"]
[PlyCount "91"]
[EventDate "2008.02.09"]
[EventType "swiss"]
[EventRounds "7"]
[EventCountry "GRE"]
[SourceTitle "EXT 2010"]
[Source "ChessBase"]
[SourceDate "2010.11.25"]
[SourceVersion "1"]
[SourceVersionDate "2010.11.25"]
[SourceQuality "1"]

1. e4 c5 2. Nf3 d6 3. d4 cxd4 4. Nxd4 Nf6 5. Nc3 g6 6. Be3 Bg7 7. f3 0-0 8. Qd2 Nc6 9. g4 Bd7 10. 0-0-0 Qa5 11. h4 Rfc8 12. h5 Ne5 13. Kb1 Nc4 14. Bxc4 Rxc4 15. Nb3 Qc7 16. hxg6 fxg6 17. Nd5 Nxd5 18. Qxd5+ e6 19. Qxd6 Rxc2 20. Qxc7 Rxc7 21. Nc5 Bb5 22. Nxe6 Rf7 23. Ng5 Re7 24. Rxh7 Bf6 25. Rxe7 Bxe7 26. Ne6 Rc8 27. Nf4 g5 28. Nd5 Bd8 29. Nc3 Bc4 30. Bxa7 Ba5 31. Bd4 Rf8 32. b3 Ba6 33. a3 Bxc3 34. Bxc3 Rxf3 35. Kb2 Rf4 36. e5 Rxg4 37. e6 Rg2+ 38. Kc1 Re2 39. Rd8+ Kh7 40. Rd7+ Kg6 41. Rg7+ Kh6 42. e7 Bb5 43. a4 Bc6 44. Kd1 Re4 45. Rf7 g4 46. Rf6+ 1/2-1/2

[Event "Ambelokipi op 80th"]
[Site "Athens"]
[Date "2007.09.26"]
[Round "6"]
[White "Sioris, Georgios"]
[Black "Sigouros, Ioannis"]
[Result "1-0"]
[WhiteElo "2229"]
[BlackElo "2077"]
[PlyCount "111"]
[EventDate "2007.09.08"]
[EventType "swiss"]
[EventRounds "7"]
[EventCountry "GRE"]
[SourceTitle "EXT 2008"]
[Source "ChessBase"]
[SourceDate "2007.11.25"]
[SourceVersion "1"]
[SourceVersionDate "2007.11.25"]
[SourceQuality "1"]

1. e4 c5 2. c3 d5 3. exd5 Qxd5 4. d4 Nf6 5. Nf3 Bg4 6. Be2 e6 7. 0-0 Be7 8. h3 Bh5 9. Be3 cxd4 10. cxd4 Nc6 11. Nc3 Qd8 12. Qb3 0-0 13. Rfd1 Na5 14. Qa4 Nd5 15. Rac1 a6 16. Nxd5 exd5 17. g4 Bg6 18. b4 Nc6 19. a3 Bd6 20. Ne5 Nxe5 21. dxe5 Bxe5 22. Bf3 Qh4 23. Rxd5 Qxh3 24. Bg2 Qh2+ 25. Kf1 f5 26. Bc5 Rfd8 27. Qd1 Qh4 28. Qe2 Bf6 29. gxf5 Re8 30. Qf3 Bh5 31. Qg3 Be2+ 32. Kg1 Qxg3 33. fxg3 Bb5 34. Rd6 Bb2 35. Rc2 Bxa3 36. Bxb7 Rad8 37. Bd5+ Kh8 38. Be6 Rxd6 39. Bxd6 Rd8 40. Bc5 Be8 41. Kf2 h5 42. Ra2 Bc1 43. Rxa6 Kh7 44. Rd6 Rxd6 45. Bxd6 Bb5 46. Bc5 Bg5 47. Be3 Be7 48. Bd2 g6 49. Bf7 gxf5 50. Bxh5 Bd6 51. Be1 Kh6 52. Bd1 Kg5 53. Be2 Bxe2 54. Kxe2 Bxb4 55. Bxb4 f4 56. Bd2 1-0

[Event "Heraklio op-A 11th"]
[Site "Heraklion"]
[Date "2007.06.11"]
[Round "3"]
[White "Karagiannis, Athanasios"]
[Black "Sigouros, Ioannis"]
[Result "1-0"]
[WhiteElo "2337"]
[BlackElo "2076"]
[PlyCount "47"]
[EventDate "2007.06.09"]
[EventType "swiss"]
[EventRounds "9"]
[EventCountry "GRE"]
[SourceTitle "EXT 2008"]
[Source "ChessBase"]
[SourceDate "2007.11.25"]
[SourceVersion "1"]
[SourceVersionDate "2007.11.25"]
[SourceQuality "1"]

1. d4 Nf6 2. Nc3 d5 3. Bg5 e6 4. e4 dxe4 5. Nxe4 Be7 6. Bxf6 Bxf6 7. c3 0-0 8. Bd3 e5 9. Nxf6+ Qxf6 10. Qh5 g6 11. Qxe5 Qxe5+ 12. dxe5 Re8 13. f4 f6 14. Bc4+ Be6 15. Bxe6+ Rxe6 16. 0-0-0 fxe5 17. Rd8+ Kf7 18. Nf3 Ke7 19. Rh8 e4 20. Ng5 Rf6 21. Rxh7+ Ke8 22. Rh8+ Rf8 23. Rxf8+ Kxf8 24. Ne6+ 1-0

[Event "Ambelokipi op 78th"]
[Site "Athens"]
[Date "2007.05.23"]
[Round "4"]
[White "Sigouros, Ioannis"]
[Black "Koerant, Filipos"]
[Result "1-0"]
[WhiteElo "2077"]
[BlackElo "2107"]
[PlyCount "113"]
[EventDate "2007.05.12"]
[EventType "swiss"]
[EventRounds "7"]
[EventCountry "GRE"]
[SourceTitle "EXT 2008"]
[Source "ChessBase"]
[SourceDate "2007.11.25"]
[SourceVersion "1"]
[SourceVersionDate "2007.11.25"]
[SourceQuality "1"]

1. e4 d5 2. exd5 Qxd5 3. Nc3 Qd6 4. Nf3 Nf6 5. Bc4 a6 6. 0-0 b5 7. Bb3 Bb7 8. Ng5 e6 9. Re1 Be7 10. Nxf7 Kxf7 11. Rxe6 Qxe6 12. Bxe6+ Kxe6 13. d3 Nbd7 14. Ne4 Bxe4 15. dxe4 Rhd8 16. Qe2 Kf7 17. Bf4 Bd6 18. Bxd6 cxd6 19. a4 Re8 20. axb5 Rxe4 21. Qd2 a5 22. f3 Re5 23. Rxa5 Rd5 24. Qxd5+ Nxd5 25. Rxa8 Ke6 26. Ra7 g6 27. Kf2 h6 28. g3 Nb4 29. Rc7 Nd5 30. Rc8 Ne7 31. Re8 d5 32. Ke3 Kd6 33. b3 Nf5+ 34. Kd2 Nd4 35. f4 Nf6 36. Rh8 h5 37. Rh6 Ne4+ 38. Kd3 Nxb5 39. Rxg6+ Kc5 40. Rh6 Nf2+ 41. Ke2 Ng4 42. Rxh5 Nd4+ 43. Kd3 Nf2+ 44. Kd2 Ne4+ 45. Kc1 Ne2+ 46. Kb2 Kd4 47. Rh8 N4c3 48. Rc8 Nd1+ 49. Ka3 Nec3 50. b4 Ne3 51. Kb3 Nc4 52. b5 Nxb5 53. h4 Nbd6 54. Rf8 Ne4 55. h5 Nc5+ 56. Kb4 Ne6 57. Rf6 1-0

[Event "Ambelokipi op 74th"]
[Site "Athens"]
[Date "2006.12.20"]
[Round "6"]
[White "Sigouros, Ioannis"]
[Black "Karlis, Nikolaos"]
[Result "1-0"]
[WhiteElo "2072"]
[BlackElo "1858"]
[PlyCount "57"]
[EventDate "2006.12.06"]
[EventType "swiss"]
[EventRounds "7"]
[EventCountry "GRE"]
[SourceTitle "EXT 2008"]
[Source "ChessBase"]
[SourceDate "2007.11.25"]
[SourceVersion "1"]
[SourceVersionDate "2007.11.25"]
[SourceQuality "1"]

1. e4 e5 2. Nf3 Nc6 3. Bb5 a6 4. Ba4 Nf6 5. 0-0 Be7 6. Re1 b5 7. Bb3 0-0 8. c3 d5 9. exd5 Nxd5 10. Nxe5 Nxe5 11. Rxe5 c6 12. Qf3 Bd6 13. Re1 Qh4 14. g3 Qh3 15. Qg2 Qh5 16. Bd1 Bg4 17. Bxg4 Qxg4 18. d3 Rfe8 19. Be3 Re6 20. Nd2 f5 21. Nf3 Rae8 22. Bd2 Rxe1+ 23. Rxe1 Rxe1+ 24. Bxe1 f4 25. Nd4 Qd1 26. Qe4 Ne3 27. Qe6+ Kf8 28. Qxd6+ Kf7 29. Qxf4+ 1-0

[Event "Ambelokipi op 74th"]
[Site "Athens"]
[Date "2006.12.09"]
[Round "3"]
[White "Divaris, Kimon"]
[Black "Sigouros, Ioannis"]
[Result "1-0"]
[WhiteElo "2172"]
[BlackElo "2072"]
[PlyCount "107"]
[EventDate "2006.12.06"]
[EventType "swiss"]
[EventRounds "7"]
[EventCountry "GRE"]
[SourceTitle "EXT 2008"]
[Source "ChessBase"]
[SourceDate "2007.11.25"]
[SourceVersion "1"]
[SourceVersionDate "2007.11.25"]
[SourceQuality "1"]

1. d4 Nf6 2. c4 g6 3. Nc3 d5 4. Bg5 Ne4 5. cxd5 Nxc3 6. bxc3 Qxd5 7. Nf3 Bg4 8. Qb1 Bf5 9. Qb3 Qxb3 10. axb3 Bg7 11. e3 Nd7 12. Nd2 h6 13. Bh4 g5 14. Bg3 c5 15. Bb5 cxd4 16. cxd4 a6 17. Nc4 Rd8 18. Bxd7+ Kxd7 19. Rc1 f6 20. Nb6+ Ke6 21. Bc7 Rde8 22. d5+ Kf7 23. Ke2 h5 24. Rc4 g4 25. e4 Bg6 26. f4 gxf3+ 27. gxf3 h4 28. Rhc1 Rh5 29. h3 Bh6 30. R1c3 Kg8 31. Bh2 Rg5 32. Kf2 Bh5 33. Rc7 Kh8 34. Rc8 Rgg8 35. Rxe8 Rxe8 36. Rc7 Bd2 37. Rxb7 Ba5 38. Nc4 Bc3 39. Ke3 a5 40. Rb8 Kg7 41. Rb7 Kh8 42. Ra7 Bb4 43. Rc7 Rg8 44. e5 Rg2 45. Bf4 fxe5 46. Bxe5+ Kg8 47. Rc8+ Kf7 48. Bd4 Rg3 49. Ne5+ Kg7 50. Ng4+ Kg6 51. Rg8+ Kh7 52. Rg7+ Kh8 53. Rg5+ Kh7 54. Rxh5+ 1-0

[Event "Ambelokipi op 72nd"]
[Site "Athens"]
[Date "2006.10.18"]
[Round "4"]
[White "Sigouros, Ioannis"]
[Black "Delithanasis, Dimitrios"]
[Result "1-0"]
[WhiteElo "2072"]
[BlackElo "2264"]
[PlyCount "109"]
[EventDate "2006.10.12"]
[EventType "swiss"]
[EventRounds "7"]
[EventCountry "GRE"]
[SourceTitle "EXT 2008"]
[Source "ChessBase"]
[SourceDate "2007.11.25"]
[SourceVersion "1"]
[SourceVersionDate "2007.11.25"]
[SourceQuality "1"]

1. e4 e5 2. Nf3 Nc6 3. Bb5 Nf6 4. d3 Bc5 5. c3 Qe7 6. 0-0 0-0 7. h3 Bb6 8. Nbd2 Nd8 9. Nc4 d6 10. Nxb6 axb6 11. Re1 c6 12. Bc4 b5 13. Bb3 c5 14. d4 c4 15. Bc2 Nc6 16. d5 Nb8 17. Qe2 Bd7 18. Be3 Na6 19. Nd2 Rfc8 20. a3 Nc5 21. Bxc5 dxc5 22. Nf1 Ne8 23. Ne3 Nd6 24. g4 g6 25. Kg2 Kh8 26. Rh1 Qh4 27. Qf3 Rf8 28. Qg3 Qe7 29. g5 h5 30. Kh2 f6 31. gxf6 Rxf6 32. Rhg1 Raf8 33. Rg2 Be8 34. Qg5 Nf7 35. Qg3 Nh6 36. Bd1 Rf4 37. f3 Kh7 38. Be2 Qf6 39. Rd1 Bd7 40. Qg5 Rh4 41. Qxf6 Rxh3+ 42. Kg1 Rxf6 43. a4 bxa4 44. Nxc4 Nf7 45. Ne3 Rb6 46. Rd2 Rh4 47. Nc4 Rf6 48. d6 Bb5 49. d7 Bxc4 50. Bxc4 Nd8 51. Rd5 Rf7 52. Rd6 Re7 53. Rgxg6 Rf4 54. Rh6+ Kg7 55. Rdg6+ 1-0

[Event "Ambelokipi op 72nd"]
[Site "Athens"]
[Date "2006.10.14"]
[Round "3"]
[White "Kiriazis, Dimitrios"]
[Black "Sigouros, Ioannis"]
[Result "0-1"]
[WhiteElo "1911"]
[BlackElo "2072"]
[PlyCount "80"]
[EventDate "2006.10.12"]
[EventType "swiss"]
[EventRounds "7"]
[EventCountry "GRE"]
[SourceTitle "EXT 2008"]
[Source "ChessBase"]
[SourceDate "2007.11.25"]
[SourceVersion "1"]
[SourceVersionDate "2007.11.25"]
[SourceQuality "1"]

1. e4 c5 2. Nf3 d6 3. d4 cxd4 4. Nxd4 Nf6 5. Nc3 g6 6. Be3 Bg7 7. f3 0-0 8. Bc4 Nc6 9. Qd2 Bd7 10. 0-0-0 Qa5 11. Kb1 Rfc8 12. Bb3 Ne5 13. g4 Nc4 14. Bxc4 Rxc4 15. Nb3 Qa6 16. h4 Rac8 17. Bd4 b5 18. a3 Be6 19. h5 b4 20. axb4 Rxb4 21. hxg6 hxg6 22. Nd5 Rxd4 23. Nxd4 Nxd5 24. exd5 Bxd5 25. Nb3 Bxf3 26. g5 Bxd1 27. Rxd1 Qb6 28. Rf1 e6 29. Rf6 Qg1+ 30. Nc1 Bxf6 31. gxf6 Qf1 32. Qxd6 Qxf6 33. Qd7 Rd8 34. Qxa7 Rd1 35. Qe3 g5 36. c3 Qf4 37. Qxf4 gxf4 38. Kc2 Rd8 39. Nd3 f3 40. Nf2 e5 0-1

[Event "Pyrgos Spilios Dimitris op 1st"]
[Site "Pyrgos"]
[Date "2006.08.18"]
[Round "2"]
[White "Moulas, Georgios"]
[Black "Sigouros, Ioannis"]
[Result "1/2-1/2"]
[WhiteElo "1395"]
[BlackElo "1880"]
[PlyCount "88"]
[EventDate "2006.08.18"]
[EventType "swiss"]
[EventRounds "6"]
[EventCountry "GRE"]
[SourceTitle "EXT 2024"]
[Source "ChessBase"]
[SourceDate "2023.10.10"]
[SourceVersion "1"]
[SourceVersionDate "2023.10.10"]
[SourceQuality "1"]

1. Nf3 d5 2. g3 c5 3. Bg2 Nc6 4. 0-0 Nf6 5. d3 e6 6. c4 Bd6 7. Nc3 0-0 8. Bg5 Be7 9. Re1 d4 10. Bxf6 Bxf6 11. Ne4 Be7 12. Ned2 e5 13. e4 Be6 14. Nb3 Qd7 15. Qd2 h6 16. Na5 Nxa5 17. Qxa5 b6 18. Qd2 Bf6 19. a4 a5 20. b3 Bh3 21. Qe2 Bg4 22. Qf1 h5 23. h3 Be6 24. Kh2 g5 25. Nxe5 Bxe5 26. f4 gxf4 27. gxf4 Bc7 28. e5 Rab8 29. Qf3 Kg7 30. Qg3+ Kh8 31. Qg5 Bf5 32. Qh6+ Bh7 33. Qf6+ Kg8 34. Rg1 Bg6 35. Be4 Bd8 36. Bxg6 Bxf6 37. Bf5+ Kh8 38. Bxd7 Be7 39. Rg2 Rg8 40. Rxg8+ Rxg8 41. Rg1 Rxg1 42. Kxg1 Kg7 43. Kf2 Bh4+ 44. Kf3 Kf8 1/2-1/2

[Event "Patras op"]
[Site "Patras"]
[Date "2002.08.08"]
[Round "9.26"]
[White "Anagnostopoulos, Ioannis"]
[Black "Sigouros, Ioannis"]
[Result "0-1"]
[WhiteElo "1715"]
[BlackElo "1835"]
[PlyCount "88"]
[EventDate "2002.08.??"]
[EventType "swiss"]
[EventRounds "9"]
[EventCountry "GRE"]
[SourceTitle "CBM 089 Extra"]
[Source "ChessBase"]
[SourceDate "2002.09.10"]
[SourceVersion "2"]
[SourceVersionDate "2002.09.10"]
[SourceQuality "1"]

1. e4 d6 2. Nc3 Nf6 3. f4 g6 4. Nf3 Bg7 5. d3 c5 6. g3 Nc6 7. Bg2 a6 8. 0-0 0-0 9. Qe2 Bg4 10. h3 Bxf3 11. Bxf3 Nd4 12. Qd1 Nxf3+ 13. Qxf3 b5 14. g4 b4 15. Ne2 a5 16. Be3 a4 17. d4 c4 18. h4 b3 19. axb3 cxb3 20. g5 Nd7 21. cxb3 axb3 22. Rxa8 Qxa8 23. Nc3 Nb6 24. f5 gxf5 25. Nd5 Nxd5 26. exd5 e6 27. h5 Re8 28. dxe6 fxe6 29. Qh3 Qe4 30. h6 Bxd4 31. Bxd4 Qxd4+ 32. Kh1 Qd5+ 33. Kg1 Qd4+ 34. Kh1 Qxb2 35. Qh5 Rc8 36. g6 Qf6 37. Rg1 b2 38. gxh7+ Kxh7 39. Rg7+ Kh8 40. Rg1 Rg8 41. Rxg8+ Kxg8 42. h7+ Kh8 43. Qd1 Qh4+ 44. Kg1 Qxh7 0-1

[Event "Patras op"]
[Site "Patras"]
[Date "2002.08.07"]
[Round "8.22"]
[White "Sigouros, Ioannis"]
[Black "Diapetis, Alexandros"]
[Result "1/2-1/2"]
[WhiteElo "1835"]
[BlackElo "2058"]
[PlyCount "54"]
[EventDate "2002.08.??"]
[EventType "swiss"]
[EventRounds "9"]
[EventCountry "GRE"]
[SourceTitle "CBM 089 Extra"]
[Source "ChessBase"]
[SourceDate "2002.09.10"]
[SourceVersion "2"]
[SourceVersionDate "2002.09.10"]
[SourceQuality "1"]

1. d4 d5 2. c4 e6 3. Nc3 Nf6 4. Nf3 c6 5. Bf4 dxc4 6. a4 Bb4 7. Qc2 b5 8. e3 Bb7 9. Be2 Nbd7 10. 0-0 a6 11. Rfd1 0-0 12. Ne5 Nd5 13. Bg3 N7b6 14. Ne4 Nd7 15. h4 f6 16. Nxd7 Qxd7 17. b3 cxb3 18. Qxb3 Qe7 19. Rac1 bxa4 20. Qxa4 a5 21. Qb3 Ba6 22. Bxa6 Rxa6 23. Nc5 Rb6 24. Na4 Ra6 25. Nc5 Rb6 26. Na4 Ra6 27. Nc5 Rb6 1/2-1/2